| 000 | 00000nam##2200000za#4500 |
| 001 | 9.681592 |
| 003 | CaOODSP |
| 005 | 20200330071348 |
| 007 | ta |
| 008 | 150407|2001||||xxc||||| f|0| 0 fre|d |
| 020 | |a0-662-86162-0 |
| 040 | |aCaOODSP|bfre |
| 043 | |an-cn--- |
| 086 | 1 |aH39-593/2001F |
| 110 | 1 |aCanada.|bSanté Canada. |bDirection générale de la santé de la population et de la santé publique. |
| 245 | 10|aLes maladies respiratoires au Canada / |cPublié conjointement par l'Institut canadien d'information sur la santé, Association pulmonaire du Canada, Santé Canada et Statistique Canada. |
| 260 | |aOttawa - Ontario : |bSanté Canada. |c2001. |
| 300 | |axx, 102p. : |bgraphiques, références, tableaux ; |c28 cm. |
| 563 | |aCouverture souple |
| 590 | |a01-50|b2001-12-14 |
| 691 | 07|aMaladie respiratoire|2gcpds |
| 691 | 07|aTroubles de santé chroniques|2gcpds |
| 691 | 07|aÉpidémiologie|2gcpds |
| 775 | 08|tRespiratory disease in Canada / |w(CaOODSP)9.648289 |
| 776 | 0#|tLes maladies respiratoires au Canada / |w(CaOODSP)9.639991 |